| 000 | 00533nam a2200229 a 4500 | ||
|---|---|---|---|
| 001 | nice12345678 | ||
| 003 | IN_TiNIC | ||
| 005 | 20260116013024.0 | ||
| 008 | 050524s1950 boma grs 000 0 49g | ||
| 020 |
_a _c0 |
||
| 082 | 0 | 0 |
_a297.4 _bSAT |
| 100 | _aSattar, Shah Abdullah | ||
| 245 | _aAastana Sattaria | ||
| 260 |
_aBombay _bKareem Press _c1950 |
||
| 300 | _a24p | ||
| 500 | _aincludes index and biblioraphy | ||
| 505 | 2 | _aIndex | |
| 700 | 1 | _aSattar, Shah Abdullah | |
| 902 | _bSRS | ||
| 942 | _cPS | ||
| 999 |
_c9310 _d9310 |
||